[Event "AGAH CHAH"]
[Site "SchemingMind.com"]
[Date "2023.01.31"]
[Round "-"]
[White "CapaChess"]
[Black "ray winteringham"]
[Result "1-0"]
[WhiteCountry "CUB"]
[BlackCountry "ENG"]
[WhiteElo "2369"]
[WhiteRD "75"]
[BlackElo "1401"]
[BlackRD "48"]
[GameID "730815"]

1. e4 g6 2. d4 Bg7 3. Nc3 a6 4. Be3 c6 5. Qd2 e5 6. dxe5 Bxe5 7. Nf3 Bg7 8. Bc4 b5 9. Bb3 Ne7 10. O-O-O O-O
11. Qd6 Bxc3 12. bxc3 Bb7 13. Bh6 Re8 14. Qf6
1-0

[Event "AGAH CHAH"]
[Site "SchemingMind.com"]
[Date "2023.01.31"]
[Round "-"]
[White "ray winteringham"]
[Black "CapaChess"]
[Result "0-1"]
[WhiteCountry "ENG"]
[BlackCountry "CUB"]
[WhiteElo "1401"]
[WhiteRD "48"]
[BlackElo "2369"]
[BlackRD "75"]
[GameID "730816"]

1. g3 d5 2. d4 Nf6 3. Bg2 c6 4. Nf3 h6 5. O-O Bf5 6. Bf4 e6 7. c3 Nbd7 8. a3 Be7 9. Nbd2 O-O 10. Ne5 g5
11. Nxd7 Qxd7 12. Be5 Ne8 13. e4 dxe4 14. Nxe4 f6 15. Nxg5 hxg5 16. Qh5 fxe5 17. Rad1 exd4 18. Rxd4 Qc7 19. f4 g4 20. Rfd1 Nf6
21. Qg5+ Kf7 22. Rd7 Nxd7 23. Qh5+ Kg7 24. Be4 Bxe4 25. Qxg4+ Kf7 26. Qh5+ Bg6 27. Qg4 Qb6+ 28. Kh1 Be4+
0-1

[Event "AGAH CHAH"]
[Site "SchemingMind.com"]
[Date "2023.02.19"]
[Round "-"]
[White "Enri Arturo"]
[Black "eliecercruzr"]
[Result "1-0"]
[WhiteCountry "CUB"]
[BlackCountry "CUB"]
[WhiteElo "2542"]
[WhiteRD "98"]
[BlackElo "2320"]
[BlackRD "69"]
[GameID "731580"]

1. e4 e5 2. Nf3 Nc6 3. Bb5 a6 4. Ba4 Nf6 5. O-O b5 6. Bb3 Be7 7. d4 d6 8. c3 Bg4 9. h3 Bh5 10. g4 Bg6
11. Nbd2 O-O 12. Re1 Qd7 13. a4 exd4 14. axb5 axb5 15. Rxa8 Rxa8 16. Nxd4 Nxd4 17. cxd4 d5 18. e5 Ne4 19. Nxe4 Bxe4 20. Bf4 Bb4
21. Rf1 c5 22. f3 Bg6 23. dxc5 Bxc5+ 24. Kg2 Rd8 25. Qd2 d4 26. Re1 Kh8 27. h4 h5 28. e6 Qb7 29. gxh5 Bxh5 30. Qd1 f6
31. Qd3 Qe7 32. Bc2 g6 33. Qxb5 Bb4 34. Re4 Bd6 35. Bxd6 Rxd6 36. Bb3 Rd8 37. Qb6 d3 38. Rd4 Rxd4 39. Qxd4 Kg7 40. Bc4 g5
41. hxg5 d2 42. b4
1-0

[Event "AGAH CHAH"]
[Site "SchemingMind.com"]
[Date "2023.02.19"]
[Round "-"]
[White "eliecercruzr"]
[Black "Enri Arturo"]
[Result "1/2-1/2"]
[WhiteCountry "CUB"]
[BlackCountry "CUB"]
[WhiteElo "2280"]
[WhiteRD "74"]
[BlackElo "2523"]
[BlackRD "102"]
[GameID "731581"]

1. e4 c5 2. c3 Nf6 3. e5 Nd5 4. Nf3 d6 5. d4 cxd4 6. cxd4 Nc6 7. Bc4 Nb6 8. Bb5 dxe5 9. Nxe5 Bd7 10. Bxc6 Bxc6
11. O-O g6 12. Nxc6 bxc6 13. Nc3 Bg7 14. Be3 O-O 15. Rc1 Nc4 16. b3 Nxe3 17. fxe3 Qe8 18. Qd3 Rd8 19. Ne4 Rd5 20. Nc3=
1/2-1/2

[Event "AGAH CHAH"]
[Site "SchemingMind.com"]
[Date "2023.06.01"]
[Round "-"]
[White "Derek Price"]
[Black "Steven DuCharme"]
[Result "1-0"]
[WhiteCountry "ENG"]
[BlackCountry "USA"]
[WhiteElo "2364"]
[WhiteRD "72"]
[BlackElo "1481"]
[BlackRD "60"]
[GameID "734476"]

1. c4 Nf6 2. g3 c6 3. Bg2 d5 4. Qc2 dxc4 5. Qxc4 Be6 6. Qh4 h6 7. Nf3 Rg8 8. Qa4 b5 9. Qc2 g5 10. O-O Qd7
11. Ne5
1-0

[Event "AGAH CHAH"]
[Site "SchemingMind.com"]
[Date "2023.06.01"]
[Round "-"]
[White "Steven DuCharme"]
[Black "Derek Price"]
[Result "0-1"]
[WhiteCountry "USA"]
[BlackCountry "ENG"]
[WhiteElo "1481"]
[WhiteRD "60"]
[BlackElo "2364"]
[BlackRD "72"]
[GameID "734477"]

1. Nf3 Nf6 2. g3 d5 3. Bg2 c6 4. O-O Bg4 5. Ne5 Bf5 6. d3 Qc7 7. f4 Nbd7 8. d4 e6 9. h3 h5 10. Nd2 c5
11. c3 cxd4 12. cxd4 Be7 13. Re1 Bc2 14. Nxd7 Nxd7
0-1

[Event "AGAH CHAH"]
[Site "SchemingMind.com"]
[Date "2023.07.18"]
[Round "-"]
[White "mmccaffe"]
[Black "Transcendent"]
[Result "1-0"]
[WhiteCountry "USA"]
[BlackCountry "ENG"]
[WhiteElo "1798"]
[WhiteRD "72"]
[BlackElo "1680"]
[BlackRD "70"]
[GameID "735692"]

1. e4 e6 2. d4 d5 3. Nc3 Bb4 4. e5 c5 5. a3 Bxc3+ 6. bxc3 Ne7 7. Qg4 cxd4 8. Qxg7 Rg8 9. Qxh7 Qc7 10. Ne2 dxc3
11. f4 Nbc6 12. Qd3 d4 13. Nxd4 Nxd4 14. Qxd4
1-0

[Event "AGAH CHAH"]
[Site "SchemingMind.com"]
[Date "2023.07.18"]
[Round "-"]
[White "Transcendent"]
[Black "mmccaffe"]
[Result "0-1"]
[WhiteCountry "ENG"]
[BlackCountry "USA"]
[WhiteElo "1680"]
[WhiteRD "70"]
[BlackElo "1798"]
[BlackRD "72"]
[GameID "735693"]

1. d4 Nf6 2. c4 c5 3. d5 e6 4. Nc3 exd5 5. cxd5 d6 6. Nf3 g6 7. g3 Bg7 8. Bg2 O-O 9. O-O Re8 10. Bf4 Nh5
11. Bd2 Na6 12. Re1 Nc7 13. e4 b5
0-1

[Event "AGAH CHAH"]
[Site "SchemingMind.com"]
[Date "2023.07.21"]
[Round "-"]
[White "JAHI"]
[Black "Nouveau L"]
[Result "1-0"]
[WhiteCountry "INT"]
[BlackCountry "FRA"]
[WhiteElo "2174"]
[WhiteRD "76"]
[BlackElo "1530"]
[BlackRD "76"]
[GameID "735839"]

1. a3 d5 2. a4 e5 3. Na3 Nf6 4. d3 c6 5. g3 Bd6 6. Bg2 O-O 7. Kf1 h6 8. Bd2 Re8 9. Nf3 Nbd7 10. Kg1 e4
11. Nd4 Nc5 12. a5
1-0

[Event "AGAH CHAH"]
[Site "SchemingMind.com"]
[Date "2023.07.21"]
[Round "-"]
[White "Nouveau L"]
[Black "JAHI"]
[Result "0-1"]
[WhiteCountry "FRA"]
[BlackCountry "INT"]
[WhiteElo "1530"]
[WhiteRD "76"]
[BlackElo "2174"]
[BlackRD "76"]
[GameID "735840"]

1. d4 f6 2. e4 e6 3. Nf3 a6 4. Bd3 a5 5. Qe2 Na6 6. a3 Be7 7. O-O Kf8 8. c4 d6 9. Nc3 e5 10. Be3 Bg4
11. h3 Bxf3 12. Qxf3 g6 13. Rad1 Kg7
0-1

[Event "AGAH CHAH"]
[Site "SchemingMind.com"]
[Date "2024.03.17"]
[Round "-"]
[White "TigerFeet"]
[Black "Robert Bruce"]
[Result "0-1"]
[WhiteCountry "ENG"]
[BlackCountry "SCO"]
[WhiteElo "2094"]
[WhiteRD "85"]
[BlackElo "2304"]
[BlackRD "66"]
[GameID "743137"]

1. e4 c5 2. b3 d6 3. Bb2 e5 4. f4 Nc6 5. Nc3 f6 6. Bc4 a6 7. a4 Nge7 8. f5 g6 9. Nh3 Kd7 10. fxg6 hxg6
11. O-O Bg7 12. Nf2 f5 13. Nd5 Nxd5 14. Bxd5 Kc7 15. Qf3 Bd7 16. c3 Qh4 17. h3 Ne7 18. g3 Qh6 19. Bc1 Nxd5 20. exd5 e4
21. Qe2 Rae8 22. Qe3 g5 23. d4 cxd4 24. cxd4 f4 25. gxf4 Rhf8
0-1

[Event "AGAH CHAH"]
[Site "SchemingMind.com"]
[Date "2024.03.17"]
[Round "-"]
[White "Robert Bruce"]
[Black "TigerFeet"]
[Result "1-0"]
[WhiteCountry "SCO"]
[BlackCountry "ENG"]
[WhiteElo "2292"]
[WhiteRD "67"]
[BlackElo "2096"]
[BlackRD "83"]
[GameID "743138"]

1. f4 c5 2. Nf3 Nc6 3. e3 g6 4. b3 Bg7 5. Nc3 d5 6. Bb2 d4 7. Na4 b6 8. Bb5 Bd7 9. c3 dxe3 10. dxe3 Qc7
11. Qe2 Nf6 12. O-O O-O 13. c4 Ne4 14. Bxg7 Kxg7 15. Qc2 f5 16. Rad1 Rad8 17. Nc3 Kg8 18. Nxe4 fxe4 19. Qxe4 Rf6 20. Qd5+ Kg7
21. Bxc6 Qxc6 22. Ne5 Qxd5 23. Rxd5 Rd6 24. Nxd7 R8xd7 25. Rfd1 Kf6 26. e4 Rxd5 27. Rxd5 Rc7 28. Kf2 h5 29. Rd8 Kf7 30. Ke3 a6
31. Rb8 Rc6 32. g3 Rd6 33. Ke2 a5 34. e5 Rc6 35. a4 Ke6 36. Kd3 Kf5 37. Rf8+ Ke6 38. Ke4 Rc7 39. Rb8 Rc6 40. Rg8 Kf7
41. Kd5 Rc7 42. Rd8
1-0

[Event "AGAH CHAH"]
[Site "SchemingMind.com"]
[Date "2024.05.06"]
[Round "-"]
[White "Enri Arturo"]
[Black "Robert Bruce"]
[Result "1-0"]
[WhiteCountry "CUB"]
[BlackCountry "SCO"]
[WhiteElo "2575"]
[WhiteRD "98"]
[BlackElo "2280"]
[BlackRD "67"]
[GameID "744259"]

1. d4 Nf6 2. Nf3 g6 3. c4 Bg7 4. Nc3 O-O 5. e4 c6 6. Be2 d5 7. e5 Ne8 8. Be3 Be6 9. h4 h5 10. Ng5 Nc7
11. cxd5 cxd5 12. g4 Bxg4 13. Bxg4 hxg4 14. Qxg4 Qd7 15. Qg3 Nc6 16. h5 f6 17. Nh7 fxe5 18. Nxf8 Kxf8 19. hxg6 Qf5 20. Bh6 Nxd4
21. Kf1 Bxh6 22. Rxh6 Qf6 23. Rh5 Nf5 24. Qh3 e6 25. Rh7 Qxg6 26. Rxc7 Kg8 27. Qg2 Qxg2+ 28. Kxg2 Rf8 29. Rg1 Rf7 30. Kf1+ Kf8
31. Rxf7+
1-0

[Event "AGAH CHAH"]
[Site "SchemingMind.com"]
[Date "2024.05.05"]
[Round "-"]
[White "Robert Bruce"]
[Black "Enri Arturo"]
[Result "0-1"]
[WhiteCountry "SCO"]
[BlackCountry "CUB"]
[WhiteElo "2280"]
[WhiteRD "67"]
[BlackElo "2575"]
[BlackRD "98"]
[GameID "744260"]

1. d4 Nf6 2. c4 e6 3. g3 Bb4+ 4. Bd2 Be7 5. Bg2 d5 6. Nf3 O-O 7. O-O c6 8. Bf4 dxc4 9. Ne5 Nd5 10. Nxc4 Nxf4
11. gxf4 Nd7 12. e3 Nb6 13. Qc2 Kh8 14. Nbd2 Nd5 15. a3 f6 16. b4 b6 17. Be4 g6 18. Bf3 Qd7 19. Rac1 Bb7 20. Ne4 Rg8
21. Kh1 Raf8 22. Ncd2 Bd8 23. Rg1 Qe7 24. Ng3 Bc7 25. Rg2 Ra8 26. h4 Raf8 27. b5 Bd6 28. bxc6 Rc8 29. Bxd5 exd5 30. Rcg1 Bxc6
31. Nf5 Qf8 32. Nxd6 Qxd6 33. h5 Bd7 34. Qb3 Qe6 35. e4 dxe4 36. Qxe6 Bxe6 37. Nxe4 Bd5 38. f5 Bxe4
0-1

[Event "AGAH CHAH"]
[Site "SchemingMind.com"]
[Date "2024.05.30"]
[Round "-"]
[White "Clive Everill"]
[Black "Greg Magne"]
[Result "0-1"]
[WhiteCountry "CZE"]
[BlackCountry "CAN"]
[WhiteElo "1671"]
[WhiteRD "61"]
[BlackElo "1836"]
[BlackRD "89"]
[GameID "744943"]

1. e4 e5 2. Nc3 Nc6 3. f4 exf4 4. d4 g5 5. h4 g4 6. Bxf4 d6 7. Qd2 Bg7 8. Bb5 Bd7 9. O-O-O Nxd4 10. Bg5 Ne7
11. Bc4 h6 12. Be3 Ne6 13. Nd5 h5 14. Ne2 b5 15. Bb3 Qb8 16. Nef4 a5 17. a3 Nc6 18. Nxe6 Bxe6 19. Bg5 Kd7 20. Rhf1 Ne5
21. Nf6+ Kc8 22. Bxe6+ fxe6 23. Qc3 Qb6 24. Be3 Qa6 25. Bg5 Qc6 26. Qxc6 Nxc6 27. c3 b4 28. cxb4 axb4 29. Rd3 bxa3 30. Rxa3 Rxa3
31. bxa3 Kb7 32. Kb1 Ra8 33. Ka2 Nb4+ 34. Kb3 Nd3 35. Nxh5 Nc5+ 36. Kb4 Ra4+ 37. Kb5 c6#
0-1

[Event "AGAH CHAH"]
[Site "SchemingMind.com"]
[Date "2024.05.31"]
[Round "-"]
[White "Greg Magne"]
[Black "Clive Everill"]
[Result "1-0"]
[WhiteCountry "CAN"]
[BlackCountry "CZE"]
[WhiteElo "1836"]
[WhiteRD "89"]
[BlackElo "1671"]
[BlackRD "61"]
[GameID "744944"]

1. d4 d5 2. c4 Nf6 3. cxd5 Nxd5 4. e4 Nb6 5. Nc3 g6 6. f4 Bg7 7. Be3 f5 8. e5 e6 9. Nf3 Nc6 10. Bb5 Bd7
11. O-O O-O 12. Qd2 a6 13. Be2 h6 14. d5 Ne7 15. d6 cxd6 16. Qxd6 Nbd5 17. Bd2 Nc8 18. Qc5 b6 19. Qa3 Nxc3 20. Qxc3 Nd6
21. Be3 Ne4 22. Qb3 b5 23. Rfd1 Qe8 24. Rac1 Rc8 25. Bd3 Bc6 26. Nd4 Bd5 27. Qa3 Rxc1 28. Rxc1 Bb7 29. Rc7 Bc8 30. Re7 Qd8
31. Nxe6 Bxe6 32. Rxe6 Rf7 33. Rxa6 Qh4 34. g3 Qh5 35. Bxb5 Qd1+ 36. Bf1 Bf8 37. Qd3 Qg4 38. Qe2 Qxe2 39. Bxe2 Kh7 40. a3 Rb7
41. Ra7 Rxa7 42. Bxa7 Nd2 43. Kf2 Ne4+ 44. Ke3 Bc5+ 45. Bxc5 Nxc5 46. Kd4
1-0

[Event "AGAH CHAH"]
[Site "SchemingMind.com"]
[Date "2024.07.02"]
[Round "-"]
[White "MazetaFighter"]
[Black "Don71"]
[Result "0-1"]
[WhiteCountry "GRE"]
[BlackCountry "NIR"]
[WhiteElo "2094"]
[WhiteRD "82"]
[BlackElo "2278"]
[BlackRD "131"]
[GameID "745646"]

1. e4 e5 2. Nf3 Nc6 3. d4 exd4 4. Nxd4 Bc5 5. Be3 Qf6 6. c3 Nge7 7. Bc4 d6 8. O-O O-O 9. Nxc6 Nxc6 10. Bxc5 dxc5
11. f4 Be6 12. Bb5 Rad8 13. Qf3 Na5 14. Rf2 Qe7 15. Nd2 a6 16. Bd3 Qd6 17. Bc2 Qb6 18. b3 c4 19. b4 Rxd2 20. bxa5 Qc5
21. Kf1 Bg4 22. Qg3 Rfd8 23. Rc1 h5 24. h3 h4 25. Qxh4 Qe3 26. Rb1 Bd1 27. Rxd2 Rxd2 28. Bxd1 Qd3+
0-1

[Event "AGAH CHAH"]
[Site "SchemingMind.com"]
[Date "2024.06.30"]
[Round "-"]
[White "Don71"]
[Black "MazetaFighter"]
[Result "1/2-1/2"]
[WhiteCountry "NIR"]
[BlackCountry "GRE"]
[WhiteElo "2278"]
[WhiteRD "131"]
[BlackElo "2094"]
[BlackRD "82"]
[GameID "745647"]

1. e4 e5 2. Nf3 Nc6 3. Bb5 a6 4. Bxc6 dxc6 5. O-O f6 6. d4 exd4 7. Nxd4 c5 8. Ne2 Qxd1 9. Rxd1 Bd7 10. Be3 O-O-O
11. Nbc3 Re8 12. Rd2 Bc6 13. Rad1 b6 14. a4 Ne7 15. a5 Kb7 16. Rd8 Rxd8 17. Rxd8 Ng6 18. axb6 cxb6 19. Nf4 Be7 20. Rxh8 Nxh8
21. Ncd5 Bd6= 22. Ne6 Bxd5 23. exd5 g5 24. f4 gxf4 25. Bxf4 Bxf4 26. Nxf4 Kc7 27. Nh5 f5 28. Nf6 h6 29. Ne8+ Kd7 30. Ng7 f4
31. Nf5 b5 32. Nxh6 Kd6 33. Kf2 Kxd5 34. Kf3 Ng6=
1/2-1/2

[Event "AGAH CHAH"]
[Site "SchemingMind.com"]
[Date "2024.07.21"]
[Round "-"]
[White "AussieMossie"]
[Black "frankly"]
[Result "1/2-1/2"]
[WhiteCountry "AUS"]
[BlackCountry "ENG"]
[WhiteElo "2482"]
[WhiteRD "98"]
[BlackElo "2526"]
[BlackRD "74"]
[GameID "746033"]

1. e4 e5 2. Nf3 Nc6 3. Bb5 Nf6 4. O-O Nxe4 5. d4 Nd6 6. Bxc6 dxc6 7. dxe5 Nf5 8. Qxd8+ Kxd8 9. Nc3 Be7 10. h3 Nh4
11. Nxh4 Bxh4 12. Be3 Bd7 13. Rad1 Kc8 14. Rd2 b6 15. Rfd1 Be6 16. Ne2 Kb7 17. Nd4 Bc8 18. g4 Re8 19. f4 Be7 20. Nf5 Bf8
21. Ng3 Be7 22. Nf5 Bf8 23. Ng3 Be7 24. Nf5 Bf8 25. Ng3=
1/2-1/2

[Event "AGAH CHAH"]
[Site "SchemingMind.com"]
[Date "2024.07.21"]
[Round "-"]
[White "frankly"]
[Black "AussieMossie"]
[Result "*"]
[WhiteCountry "ENG"]
[BlackCountry "AUS"]
[WhiteElo "2540"]
[WhiteRD "79"]
[BlackElo "2484"]
[BlackRD "107"]
[GameID "746034"]

1. d4 Nf6 2. c4 e6 3. Nf3 d5 4. Nc3 Be7 5. Bf4 O-O 6. e3 c5 7. dxc5 Bxc5 8. Qc2 Nc6 9. a3 Qa5 10. Rd1 Be7
11. Be2 dxc4 12. Bxc4 Nh5 13. O-O Nxf4 14. exf4 g6 15. Bb5 Qc7 16. Bxc6 bxc6 17. Ne5 Rb8 18. Rd2 Bf6 19. Re1 c5 20. h4 Bb7
21. Nb5 Qa5 22. Nd7 Bxh4 23. Nc3 Rbc8 24. Nxf8 Rxf8 25. Qb3 Qc7 26. Ne4 Be7 27. Qe3 Bd5 28. Nc3 Bc6 29. Qe5 Qxe5 30. fxe5 Rb8
31. Rc2 Kg7 32. Ne4 Ba4 33. Rcc1 Rxb2 34. Nxc5 Bb3 35. Rb1
*

[Event "AGAH CHAH"]
[Site "SchemingMind.com"]
[Date "2024.08.16"]
[Round "-"]
[White "palberto1963"]
[Black "Raymond de Kemp"]
[Result "1-0"]
[WhiteCountry "ESP"]
[BlackCountry "NED"]
[WhiteElo "2530"]
[WhiteRD "83"]
[BlackElo "1842"]
[BlackRD "71"]
[GameID "746620"]

1. d4 f5 2. g3 Nf6 3. Bg2 g6 4. Nf3 Bg7 5. O-O O-O 6. b3 d6 7. Bb2 c6 8. Nbd2 a5 9. c4 Qc7 10. Re1 Re8
11. e4 fxe4 12. Nxe4 Nxe4 13. Rxe4 Bf5 14. Re3 Na6 15. Qe2 Bh6 16. h3 Bxe3 17. Qxe3 Bc8 18. d5 e5 19. dxe6 Bxe6 20. Qc3 Kf8
21. Ng5 Ke7 22. Nxe6 Kxe6 23. Re1+ Kd7 24. Qg7+ Kd8 25. Bf6+
1-0

[Event "AGAH CHAH"]
[Site "SchemingMind.com"]
[Date "2024.08.16"]
[Round "-"]
[White "Raymond de Kemp"]
[Black "palberto1963"]
[Result "0-1"]
[WhiteCountry "NED"]
[BlackCountry "ESP"]
[WhiteElo "1842"]
[WhiteRD "71"]
[BlackElo "2530"]
[BlackRD "83"]
[GameID "746621"]

1. f4 d5 2. Nf3 Nf6 3. e3 c5 4. b3 g6 5. Bb2 Bg7 6. Be2 O-O 7. O-O Nc6 8. Ne5 Nxe5 9. Bxe5 Ne8 10. Bxg7 Nxg7
11. Bf3 Rb8 12. Nc3 e6 13. Qe1 b6 14. Ne2 Rb7 15. c4 Rd7 16. cxd5 exd5 17. d4 Re8 18. Qf2 Nf5 19. Bg4 Nxe3 20. Bxd7 Bxd7
21. Rfc1 Ng4 22. Qf3 Re3 23. Qf1 Bb5 24. Rc2 Qe7 25. Re1 cxd4 26. h3 Nf6
0-1

[Event "AGAH CHAH"]
[Site "SchemingMind.com"]
[Date "2024.09.08"]
[Round "-"]
[White "Phillip Beckett"]
[Black "Thomas Jacob Kelly"]
[Result "0-1"]
[WhiteCountry "ENG"]
[BlackCountry "USA"]
[WhiteElo "1486"]
[WhiteRD "52"]
[BlackElo "1811"]
[BlackRD "87"]
[GameID "747231"]

1. e4 c5 2. Nf3 Nc6 3. d4 cxd4 4. Nxd4 Nf6 5. Nc3 d6 6. Bg5 Bd7 7. Qd2 Nxd4 8. Qxd4 Qa5 9. f4 Rc8 10. O-O-O e5
11. fxe5 dxe5 12. Bxf6 exd4
0-1

[Event "AGAH CHAH"]
[Site "SchemingMind.com"]
[Date "2024.09.08"]
[Round "-"]
[White "Thomas Jacob Kelly"]
[Black "Phillip Beckett"]
[Result "1-0"]
[WhiteCountry "USA"]
[BlackCountry "ENG"]
[WhiteElo "1811"]
[WhiteRD "87"]
[BlackElo "1486"]
[BlackRD "52"]
[GameID "747232"]

1. e4 e5 2. Nf3 Nc6 3. d4 exd4 4. Nxd4 Bc5 5. Nf5 g6 6. Ne3 d6 7. Bc4 Nf6 8. Nc3 O-O 9. Qe2 Bd7 10. f3 Nd4
11. Qd3 a6 12. Bd2 b5 13. Bb3 Nxb3 14. axb3 Bc6 15. Ne2 d5 16. e5 Nh5 17. Ng4 f5 18. exf6 Nxf6 19. h3 Nxg4 20. hxg4 Qe7
21. O-O-O Rad8 22. Rde1 Qf7 23. Kd1 Bf2 24. Ref1 Bb6 25. Nf4 Bb7 26. Rh6 d4 27. Nxg6 hxg6 28. Rxg6+
1-0

[Event "AGAH CHAH"]
[Site "SchemingMind.com"]
[Date "2024.09.27"]
[Round "-"]
[White "David Hartley"]
[Black "Helga1946"]
[Result "0-1"]
[WhiteCountry "ENG"]
[BlackCountry "GER"]
[WhiteElo "1778"]
[WhiteRD "76"]
[BlackElo "2424"]
[BlackRD "65"]
[GameID "747573"]

1. d4 d5 2. c4 dxc4 3. e3 Nf6 4. Nc3 e6 5. Bxc4 a6 6. Nf3 c5 7. O-O b5 8. Be2 Nbd7 9. dxc5 Bxc5 10. a3 O-O
11. Bd2 Bb7 12. Rc1 Qe7 13. b4 Bd6 14. Qc2 Ne5 15. Nxe5 Bxe5 16. Qd1 Rad8 17. Qc2 Rc8 18. Qb1 h5 19. e4 Rfd8 20. Bd3 Qd6
21. f4 Bxc3 22. Rxc3 Qd4+
0-1

[Event "AGAH CHAH"]
[Site "SchemingMind.com"]
[Date "2024.09.27"]
[Round "-"]
[White "Helga1946"]
[Black "David Hartley"]
[Result "1-0"]
[WhiteCountry "GER"]
[BlackCountry "ENG"]
[WhiteElo "2424"]
[WhiteRD "65"]
[BlackElo "1778"]
[BlackRD "76"]
[GameID "747574"]

1. a3 e5 2. e4 Nf6 3. Nc3 Bc5 4. Nf3 Nc6 5. Nxe5 Nxe5 6. d4 Bd6 7. f4 Be7 8. fxe5 Ng8 9. Bc4 Bg5 10. O-O Nh6
11. Qh5
1-0

[Event "AGAH CHAH"]
[Site "SchemingMind.com"]
[Date "2024.09.25"]
[Round "-"]
[White "Ramesh Panwar"]
[Black "bartleby en passant"]
[Result "1-0"]
[WhiteCountry "IND"]
[BlackCountry "IRL"]
[WhiteElo "2495"]
[WhiteRD "94"]
[BlackElo "1441"]
[BlackRD "200"]
[GameID "747641"]

1. e4 e5 2. Nf3 Nc6 3. Bc4 Nf6 4. d3 h6 5. O-O Bc5 6. c3 d6 7. b4 Bb6 8. a4 a6 9. Nbd2 O-O 10. Re1 Ng4
11. Rf1 Kh8 12. a5 Ba7 13. h3 Bxf2+ 14. Rxf2 Nxf2 15. Kxf2 f5 16. Kg1 f4 17. d4 g5 18. Nh2 Qf6 19. Qh5 Be6 20. Bxe6 Qxe6
21. d5
1-0

[Event "AGAH CHAH"]
[Site "SchemingMind.com"]
[Date "2024.09.25"]
[Round "-"]
[White "bartleby en passant"]
[Black "Ramesh Panwar"]
[Result "0-1"]
[WhiteCountry "IRL"]
[BlackCountry "IND"]
[WhiteElo "1441"]
[WhiteRD "200"]
[BlackElo "2495"]
[BlackRD "94"]
[GameID "747642"]

1. d4 Nf6 2. c4 e6 3. Nc3 Bb4 4. a3 Bxc3+ 5. bxc3 c5 6. Bg5 h6 7. Bh4 Qa5 8. Qb3 cxd4 9. Rc1 dxc3 10. Rxc3 Ne4
11. Qb4 Qxb4 12. axb4 Nxc3
0-1

[Event "AGAH CHAH"]
[Site "SchemingMind.com"]
[Date "2024.09.26"]
[Round "-"]
[White "Derek Price"]
[Black "spoke"]
[Result "1-0"]
[WhiteCountry "ENG"]
[BlackCountry "GER"]
[WhiteElo "2440"]
[WhiteRD "66"]
[BlackElo "1862"]
[BlackRD "81"]
[GameID "747643"]

1. c4 Nf6 2. g3 g6 3. Bg2 Bg7 4. Nc3 c5 5. e3 O-O 6. Nge2 d6 7. O-O Nc6 8. d4 cxd4 9. exd4 a6 10. d5 Ne5
11. b3 Bf5 12. Be3 Neg4 13. Bd4 e5 14. dxe6 Bxe6 15. Bxb7
1-0

[Event "AGAH CHAH"]
[Site "SchemingMind.com"]
[Date "2024.09.27"]
[Round "-"]
[White "spoke"]
[Black "Derek Price"]
[Result "0-1"]
[WhiteCountry "GER"]
[BlackCountry "ENG"]
[WhiteElo "1862"]
[WhiteRD "81"]
[BlackElo "2440"]
[BlackRD "66"]
[GameID "747644"]

1. e4 c5 2. Nf3 d6 3. d4 cxd4 4. Nxd4 Nf6 5. Nc3 a6 6. f4 e5 7. Nf3 Nbd7 8. Be2 Be7 9. O-O O-O 10. Kh1 b5
11. fxe5 dxe5 12. Bg5 Bb7 13. Bxf6 Bxf6 14. Nd5 Nc5 15. Nd2 Bxd5 16. exd5 e4 17. Nb3 Na4 18. c3 Nxb2
0-1

[Event "AGAH CHAH"]
[Site "SchemingMind.com"]
[Date "2024.09.28"]
[Round "-"]
[White "FcoRego"]
[Black "pmdpsp"]
[Result "*"]
[WhiteCountry "ESP"]
[BlackCountry "GER"]
[WhiteElo "2025"]
[WhiteRD "106"]
[BlackElo "1661"]
[BlackRD "83"]
[GameID "747722"]

1. c4 e5 2. g3 f5 3. Bg2 Nc6 4. Nc3 Nf6 5. e3 Bb4 6. Nd5 Nxd5 7. cxd5 Ne7 8. Qh5+ g6 9. Qh6 d6 10. Qg7 Kd7
11. Qh6 Qf8 12. Qxf8 Rxf8 13. a3 Ba5 14. b4 Bb6 15. Ne2 e4 16. Nc3 c6 17. O-O cxd5 18. d4 Ke6 19. a4 a6 20. a5 Ba7
21. Ba3 Bd7 22. Rfc1 Rfc8 23. Bf1 Rc7 24. b5 axb5 25. Bxb5 Nc6 26. a6 bxa6 27. Bxa6 Na5 28. Nb5 Rxc1+ 29. Rxc1 Bb6
*

[Event "AGAH CHAH"]
[Site "SchemingMind.com"]
[Date "2024.09.28"]
[Round "-"]
[White "pmdpsp"]
[Black "FcoRego"]
[Result "0-1"]
[WhiteCountry "GER"]
[BlackCountry "ESP"]
[WhiteElo "1661"]
[WhiteRD "83"]
[BlackElo "2025"]
[BlackRD "106"]
[GameID "747723"]

1. g4 c5 2. Bg2 g6 3. c4 Bg7 4. e3 e6 5. d4 Ne7 6. Ne2 O-O 7. Nbc3 d5 8. dxc5 dxc4 9. Qxd8 Rxd8 10. b4 cxb3
11. axb3 Nd5 12. Bb2 Nb4 13. O-O N8a6 14. Rab1 Nxc5 15. Ne4 Ncd3 16. Bxg7 Kxg7 17. Rfd1 Rb8 18. Nc5 b6 19. Nxd3 Rxd3 20. Rxd3 Nxd3
21. b4 Ne5 22. h3 Bb7 23. Nd4 Bxg2 24. Kxg2 a6 25. f4 Nc4 26. Kf2 Ra8 27. Ke2 e5 28. Nf3 exf4 29. exf4 Ra7 30. Kd3 Na3
31. Rb3 Nb5 32. Ne5 f6 33. Nc6 Rd7+ 34. Kc4 Rd6 35. Rd3 Rxc6+ 36. Kb3 Rd6
0-1

[Event "AGAH CHAH"]
[Site "SchemingMind.com"]
[Date "2024.11.02"]
[Round "-"]
[White "Don71"]
[Black "CapaChess"]
[Result "*"]
[WhiteCountry "NIR"]
[BlackCountry "CUB"]
[WhiteElo "2278"]
[WhiteRD "131"]
[BlackElo "2532"]
[BlackRD "99"]
[GameID "748570"]

1. e4 c6 2. d4 d5 3. Nc3 dxe4 4. Nxe4 Nf6 5. Nxf6+ exf6 6. Nf3 Bd6 7. Bd3 O-O 8. O-O Bg4 9. Be3 Re8 10. c4 Nd7
11. h3 Bh5
*

[Event "AGAH CHAH"]
[Site "SchemingMind.com"]
[Date "2024.11.03"]
[Round "-"]
[White "CapaChess"]
[Black "Don71"]
[Result "*"]
[WhiteCountry "CUB"]
[BlackCountry "NIR"]
[WhiteElo "2532"]
[WhiteRD "99"]
[BlackElo "2278"]
[BlackRD "131"]
[GameID "748571"]

1. e4 e5 2. Nf3 Nc6 3. Bc4 Nf6 4. d4 exd4 5. e5 d5 6. Bb5 Ne4 7. Nxd4 Bd7 8. Bxc6 bxc6 9. O-O Be7 10. f3 Nc5
11. f4
*

[Event "AGAH CHAH"]
[Site "SchemingMind.com"]
[Date "2024.11.04"]
[Round "-"]
[White "JAHI"]
[Black "palberto1963"]
[Result "*"]
[WhiteCountry "INT"]
[BlackCountry "ESP"]
[WhiteElo "2199"]
[WhiteRD "87"]
[BlackElo "2530"]
[BlackRD "83"]
[GameID "748646"]

1. a3 c5 2. a4 Nc6 3. d3 d5 4. g3 e5 5. Bh3 Bxh3 6. Nxh3 Qd7 7. Ng5 h6 8. Nf3 O-O-O 9. h3 f5 10. a5 e4
11. Nh4 Nge7 12. c3 g5 13. Ng2 Bg7 14. Qa4 Rhf8 15. Bd2
*

[Event "AGAH CHAH"]
[Site "SchemingMind.com"]
[Date "2024.11.04"]
[Round "-"]
[White "palberto1963"]
[Black "JAHI"]
[Result "*"]
[WhiteCountry "ESP"]
[BlackCountry "INT"]
[WhiteElo "2530"]
[WhiteRD "83"]
[BlackElo "2199"]
[BlackRD "87"]
[GameID "748647"]

1. d4 f6 2. e4 g6 3. Nc3 Nh6 4. Be3 Bg7 5. f3 f5 6. Qd2 Nf7 7. exf5 gxf5 8. O-O-O Nc6 9. Nh3 d6 10. Nf4 a6
11. d5 Na7 12. g4 Ne5 13. gxf5 Bxf5 14. Ne6 Bxe6
*